[Event "DEN-chT 1213"]
[Site "Denmark"]
[Date "2013.03.09"]
[Round "8.5"]
[White "Schou Moldt, Thomas"]
[Black "Kjeldsen, Jens"]
[Result "0-1"]
[WhiteElo "2226"]
[BlackElo "2396"]
[PlyCount "76"]
[EventDate "2012.10.27"]
[EventType "team-tourn"]
[EventRounds "9"]
[EventCountry "DEN"]
[SourceTitle "EXT 2014"]
[Source "ChessBase"]
[SourceDate "2013.11.20"]
[SourceVersion "1"]
[SourceVersionDate "2013.11.20"]
[SourceQuality "1"]
[WhiteTeam "Obro"]
[BlackTeam "Nordea"]
[WhiteTeamCountry "DEN"]
[BlackTeamCountry "DEN"]

1. e4 c5 2. Nf3 e6 3. d4 cxd4 4. Nxd4 Nc6 5. Be2 Nf6 6. Nxc6 bxc6 7. Nd2 d5 8. e5 Nd7 9. Nf3 Be7 10. 0-0 0-0 11. Bf4 Qb6 12. Bd3 Nc5 13. Be3 Qd8 14. Be2 a5 15. Nd4 Bd7 16. c3 Rb8 17. Qc2 Qc7 18. f4 f6 19. Nf3 Be8 20. Bxc5 Bxc5+ 21. Kh1 Bg6 22. Bd3 Bxd3 23. Qxd3 Rxb2 24. exf6 Rxf6 25. Ng5 g6 26. Rae1 Rxa2 27. Rxe6 Rxe6 28. Nxe6 Qe7 29. f5 Rf2 30. Nxc5 Rxf1+ 31. Qxf1 Qxc5 32. fxg6 hxg6 33. Qf6 Kh7 34. Qf7+ Kh6 35. Qf4+ Kg7 36. Qe5+ Kf7 37. Qf4+ Ke7 38. Qg5+ Kd7 0-1

[Event "DEN-chT 1112 50th"]
[Site "Denmark"]
[Date "2012.03.11"]
[Round "9.5"]
[White "Baekgaard, Martin"]
[Black "Kjeldsen, Jens"]
[Result "1/2-1/2"]
[WhiteElo "2295"]
[BlackElo "2411"]
[PlyCount "62"]
[EventDate "2011.10.29"]
[EventType "team-tourn"]
[EventRounds "9"]
[EventCountry "DEN"]
[SourceTitle "EXT 2013"]
[Source "ChessBase"]
[SourceDate "2012.11.22"]
[SourceVersion "1"]
[SourceVersionDate "2012.11.22"]
[SourceQuality "1"]
[WhiteTeam "Jetsmark"]
[BlackTeam "Nordea"]
[WhiteTeamCountry "DEN"]
[BlackTeamCountry "DEN"]

1. d4 g6 2. c4 Bg7 3. e4 d6 4. Nc3 Nc6 5. Be3 e5 6. Nge2 Nh6 7. f3 f5 8. Qd2 Nf7 9. d5 Ne7 10. c5 0-0 11. 0-0-0 Bd7 12. Kb1 dxc5 13. Bxc5 Nd6 14. Nc1 a6 15. Be2 b6 16. Be3 b5 17. Bc5 Qb8 18. a3 a5 19. N1a2 Qb7 20. h4 h6 21. h5 g5 22. exf5 Nexf5 23. Ne4 Rfb8 24. Bd3 Nxe4 25. Bxe4 Ng3 26. Rh2 Nxe4 27. fxe4 b4 28. Ka1 Bf8 29. Bxf8 Rxf8 30. g3 bxa3 31. Qc3 Rae8 1/2-1/2

[Event "DEN-chT 0203"]
[Site "Denmark"]
[Date "2003.01.12"]
[Round "4.4"]
[White "Kjeldsen, Jens"]
[Black "Christensen, Jan"]
[Result "1-0"]
[WhiteElo "2435"]
[BlackElo "2214"]
[PlyCount "67"]
[EventDate "2002.11.06"]
[EventType "team-tourn"]
[EventRounds "7"]
[EventCountry "DEN"]
[SourceTitle "EXT 2006"]
[Source "ChessBase"]
[SourceDate "2005.11.24"]
[SourceVersion "1"]
[SourceVersionDate "2005.11.24"]
[SourceQuality "1"]

1. d4 Nf6 2. c4 c5 3. d5 b5 4. Nf3 g6 5. cxb5 a6 6. b6 Bg7 7. Nc3 0-0 8. e4 d6 9. Be2 Qxb6 10. Nd2 Nbd7 11. 0-0 Qc7 12. a4 Rb8 13. a5 Rb4 14. Nc4 Ne8 15. Bg5 Ne5 16. Nb6 Nf6 17. Qc2 Nxe4 18. Nxe4 Rxb2 19. Qd1 Bf5 20. f3 c4 21. Rc1 Bxe4 22. fxe4 Qc5+ 23. Kh1 c3 24. Na4 Qxa5 25. Nxb2 cxb2 26. Rb1 Qb6 27. Qa4 a5 28. Bxe7 Ra8 29. Qb5 Qc7 30. Bg5 Rb8 31. Qa4 Rb4 32. Qe8+ Bf8 33. Bd2 Rb8 34. Qa4 1-0

[Event "DEN-chT 0001 playoff"]
[Site "Denmark"]
[Date "2001.05.19"]
[Round "?"]
[White "Kjeldsen, Jens"]
[Black "Aagaard, Jacob"]
[Result "0-1"]
[WhiteElo "2435"]
[BlackElo "2374"]
[PlyCount "82"]
[EventDate "2001.05.19"]
[EventType "team-match"]
[EventRounds "1"]
[EventCountry "DEN"]
[SourceTitle "EXT 2014"]
[Source "ChessBase"]
[SourceDate "2013.11.20"]
[SourceVersion "1"]
[SourceVersionDate "2013.11.20"]
[SourceQuality "1"]

1. g3 d5 2. Bg2 c6 3. d3 Nf6 4. Nd2 e5 5. e4 dxe4 6. dxe4 Bg4 7. Ne2 Be7 8. h3 Bh5 9. 0-0 Nfd7 10. Qe1 Na6 11. a3 0-0 12. b3 Ndc5 13. Bb2 f6 14. f4 Na4 15. g4 Bf7 16. Bc1 Nc3 17. Nf3 Nxe4 18. Nxe5 Bd5 19. Nf3 Qb6+ 20. Kh2 Rfe8 21. c4 Bf7 22. Ned4 Bc5 23. Be3 Rad8 24. Rd1 Qc7 25. b4 Bd6 26. Nd2 Nxd2 27. Qxd2 Bxc4 28. Qc3 Bxf1 29. Rxf1 Bf8 30. Kh1 Qd7 31. Bg1 Nc7 32. Qc4+ Qf7 33. Qc1 a6 34. g5 Nb5 35. Nf5 Rd5 36. Ne3 Rd3 37. Ng4 Nd4 38. f5 Ne2 39. Qb1 Rb3 40. g6 Ng3+ 41. Kh2 Nxf1+ 0-1

[Event "DEN-chT 0001"]
[Site "Denmark"]
[Date "2000.11.19"]
[Round "2"]
[White "Kjeldsen, Jens"]
[Black "Hansen, Lars Bo"]
[Result "1/2-1/2"]
[WhiteElo "2435"]
[BlackElo "2562"]
[PlyCount "49"]
[EventDate "2000.??.??"]
[EventType "team-tourn"]
[EventRounds "7"]
[EventCountry "DEN"]
[SourceTitle "EXT 2002"]
[Source "ChessBase"]
[SourceDate "2001.11.25"]
[SourceVersion "1"]
[SourceVersionDate "2001.11.25"]
[SourceQuality "1"]
[WhiteTeam "Nordre"]
[BlackTeam "Copenhagen 34"]
[WhiteTeamCountry "DEN"]
[BlackTeamCountry "DEN"]

1. d4 d5 2. c4 c6 3. Nc3 Nf6 4. e3 a6 5. Qc2 g6 6. Bd3 Bg7 7. Nf3 0-0 8. 0-0 Bg4 9. Ne5 Be6 10. b3 c5 11. cxd5 Nxd5 12. Nxd5 Bxd5 13. Qxc5 Bxe5 14. dxe5 Bxg2 15. Rd1 Qd7 16. Be2 Qh3 17. Qxe7 Bc6 18. Qg5 Nd7 19. Bb2 Rfe8 20. e6 Rxe6 21. Rxd7 Bxd7 22. Bg4 Re5 23. Bxe5 Qxg4+ 24. Qxg4 Bxg4 25. Rc1 1/2-1/2

[Event "DEN-chT 0001"]
[Site "Denmark"]
[Date "2000.11.05"]
[Round "1"]
[White "Kjeldsen, Jens"]
[Black "Aagaard, Jacob"]
[Result "0-1"]
[WhiteElo "2435"]
[BlackElo "2389"]
[PlyCount "124"]
[EventDate "2000.??.??"]
[EventType "team-tourn"]
[EventRounds "7"]
[EventCountry "DEN"]
[SourceTitle "EXT 2002"]
[Source "ChessBase"]
[SourceDate "2001.11.25"]
[SourceVersion "1"]
[SourceVersionDate "2001.11.25"]
[SourceQuality "1"]
[WhiteTeam "Nordre"]
[BlackTeam "Aarhus"]
[WhiteTeamCountry "DEN"]
[BlackTeamCountry "DEN"]

1. Nf3 d5 2. g3 c6 3. Bg2 Bg4 4. Ne5 Bf5 5. b3 Nd7 6. Bb2 Nxe5 7. Bxe5 Nf6 8. d3 Nd7 9. Bb2 e5 10. 0-0 Be7 11. c4 dxc4 12. bxc4 0-0 13. Nd2 Qc7 14. Kh1 Rad8 15. Qe1 Rfe8 16. Rb1 Nc5 17. f4 exf4 18. gxf4 Bf8 19. Qf2 Qe7 20. Bf3 Nxd3 21. exd3 Bxd3 22. Bd4 Bxb1 23. Rxb1 Qd6 24. Nb3 Qxf4 25. Rf1 Kh8 26. Qb2 f6 27. Bg2 Qg4 28. Bf3 Qh4 29. c5 Re1 30. Rxe1 Qxe1+ 31. Kg2 Qh4 32. Qc3 Rxd4 33. Nxd4 Qg5+ 34. Kh3 Qxc5 35. Qd3 Qe5 36. Nf5 g6 37. Ng3 Qe6+ 38. Kg2 Qxa2+ 39. Ne2 Qf7 40. Nd4 h5 41. Qe4 Kh7 42. Ne6 Be7 43. Bxh5 f5 44. Qc4 Qf6 45. Bf3 Qb2+ 46. Kg1 Qe5 47. Kg2 a5 48. h4 a4 49. h5 gxh5 50. Nf4 b5 51. Qf7+ Qg7+ 52. Qxg7+ Kxg7 53. Bxc6 a3 54. Bd5 Kh6 55. Bb3 Bd6 56. Ne6 Kg6 57. Nd4 b4 58. Be6 Kf6 59. Ba2 Ke5 60. Nf3+ Ke4 61. Nh4 f4 62. Kf2 Kd3 0-1

[Event "DEN-chT 9899"]
[Site "Denmark"]
[Date "1999.01.17"]
[Round "4.2"]
[White "Kjeldsen, Jens"]
[Black "Ochsner, Thomas"]
[Result "1-0"]
[WhiteElo "2435"]
[BlackElo "2355"]
[PlyCount "69"]
[EventDate "1998.11.01"]
[EventType "team-tourn"]
[EventRounds "7"]
[EventCountry "DEN"]
[SourceTitle "EXT 2023"]
[Source "ChessBase"]
[SourceDate "2022.10.05"]
[SourceVersion "1"]
[SourceVersionDate "2022.10.05"]
[SourceQuality "1"]
[WhiteTeam "Nordre"]
[BlackTeam "Skolerne"]
[WhiteTeamCountry "DEN"]
[BlackTeamCountry "DEN"]

1. Nf3 Nf6 2. g3 b6 3. Bg2 Bb7 4. 0-0 e6 5. d3 d5 6. Nbd2 Be7 7. e4 c5 8. Re1 Nc6 9. Qe2 0-0 10. e5 Nd7 11. h4 b5 12. Nf1 a5 13. N1h2 b4 14. Bf4 a4 15. Bh3 Qb6 16. Rac1 Nd4 17. Nxd4 cxd4 18. Qg4 Kh8 19. b3 axb3 20. axb3 Ra2 21. Nf3 Qc5 22. Re2 Qc3 23. Bg5 Bc5 24. Qf4 Kg8 25. h5 Ra1 26. Rxa1 Qxa1+ 27. Re1 Qb2 28. h6 g6 29. Bf6 Qxc2 30. Bg7 Re8 31. Ng5 Re7 32. Nxf7 Qxd3 33. Ng5 Qc3 34. Bxe6+ Rxe6 35. Qf7# 1-0

[Event "DEN-chT 9899"]
[Site "Denmark"]
[Date "1998.11.15"]
[Round "2.2"]
[White "Pedersen, Steffen"]
[Black "Kjeldsen, Jens"]
[Result "1-0"]
[WhiteElo "2415"]
[BlackElo "2435"]
[PlyCount "63"]
[EventDate "1998.11.01"]
[EventType "team-tourn"]
[EventRounds "7"]
[EventCountry "DEN"]
[SourceTitle "EXT 2023"]
[Source "ChessBase"]
[SourceDate "2022.10.05"]
[SourceVersion "1"]
[SourceVersionDate "2022.10.05"]
[SourceQuality "1"]
[WhiteTeam "Sydostfyn"]
[BlackTeam "Nordre"]
[WhiteTeamCountry "DEN"]
[BlackTeamCountry "DEN"]

1. d4 g6 2. e4 Bg7 3. Nc3 d6 4. Be3 a6 5. Qd2 Nd7 6. Nf3 b5 7. a4 b4 8. Ne2 c5 9. Ng3 Qc7 10. c3 bxc3 11. bxc3 Ngf6 12. h3 Bb7 13. Bd3 0-0 14. 0-0 Rfc8 15. Rfc1 Rab8 16. Bh6 c4 17. Bc2 Qa5 18. Bxg7 Kxg7 19. Re1 Ne8 20. Ng5 Nf8 21. e5 h6 22. Nxf7 Kxf7 23. Qxh6 Ng7 24. Re3 dxe5 25. Rxe5 Qb6 26. Rae1 Rc7 27. Rxe7+ Rxe7 28. Rxe7+ Kxe7 29. Qxg7+ Kd8 30. Qxf8+ Kc7 31. Qe7+ Kc8 32. Nf5 1-0

[Event "SWE-DEN"]
[Site "Skaenninge"]
[Date "1998.04.20"]
[Round "1"]
[White "Brynell, Stellan"]
[Black "Kjeldsen, Jens"]
[Result "1-0"]
[WhiteElo "2475"]
[BlackElo "2435"]
[PlyCount "113"]
[EventDate "1998.04.20"]
[EventType "team-tourn"]
[EventRounds "2"]
[EventCountry "SWE"]
[SourceTitle "CBM 065"]
[Source "ChessBase"]
[SourceDate "1998.08.06"]
[SourceVersion "1"]
[SourceVersionDate "1998.08.06"]
[SourceQuality "1"]

1. e4 c5 2. Nf3 e6 3. Nc3 Nc6 4. Bb5 Nge7 5. 0-0 a6 6. Bxc6 Nxc6 7. d4 cxd4 8. Nxd4 d6 9. Nxc6 bxc6 10. Qg4 h5 11. Qf3 e5 12. b3 Be6 13. Ba3 Be7 14. Na4 Qa5 15. Qe2 h4 16. h3 0-0 17. c4 Rad8 18. Rad1 Rfe8 19. Qd2 Qc7 20. Bb4 Rd7 21. Ba5 Qa7 22. Qe2 g6 23. c5 Bd8 24. Bxd8 Rexd8 25. Nb6 Rb7 26. Qe3 Rbb8 27. Qg5 Qc7 28. Qxh4 dxc5 29. Na4 Rxd1 30. Rxd1 Qa5 31. Qe7 c4 32. Nc5 Qb4 33. bxc4 Qxc4 34. Nxe6 Qxe6 35. Qxe6 fxe6 36. Rd6 Rb1+ 37. Kh2 Kf7 38. Rxc6 Rb2 39. Rxa6 Rxf2 40. Kg3 Rc2 41. Kf3 Rc3+ 42. Kg4 Kf6 43. Ra4 Rc2 44. g3 Rc3 45. h4 Rd3 46. Rb4 Ra3 47. Rb3 Rxa2 48. Rf3+ Ke7 49. Kg5 Re2 50. Kxg6 Rxe4 51. Kg5 Re1 52. Ra3 Kd6 53. h5 e4 54. h6 Ke5 55. h7 Rh1 56. Kg6 Kd4 57. Ra8 1-0

[Event "DEN-chT 9697"]
[Site "Denmark"]
[Date "1996.11.03"]
[Round "1.3"]
[White "Kjeldsen, Jens"]
[Black "Nielsen, Uffe Vinther"]
[Result "1/2-1/2"]
[WhiteElo "2415"]
[BlackElo "2390"]
[PlyCount "104"]
[EventDate "1996.11.03"]
[EventType "team-tourn"]
[EventRounds "7"]
[EventCountry "DEN"]
[SourceTitle "EXT 2023"]
[Source "ChessBase"]
[SourceDate "2022.10.05"]
[SourceVersion "1"]
[SourceVersionDate "2022.10.05"]
[SourceQuality "1"]
[WhiteTeam "Sydostfyn"]
[BlackTeam "Skolerne"]
[WhiteTeamCountry "DEN"]
[BlackTeamCountry "DEN"]

1. d4 Nf6 2. c4 e6 3. Nc3 Bb4 4. Qc2 0-0 5. a3 Bxc3+ 6. Qxc3 Ne4 7. Qc2 d5 8. e3 b6 9. Bd3 Bb7 10. Ne2 Nd7 11. 0-0 Rc8 12. cxd5 exd5 13. f3 Nef6 14. Nf4 Re8 15. Qf2 c5 16. g4 Re7 17. Bd2 c4 18. Bc2 a5 19. Kh1 Nf8 20. Rg1 Ne8 21. Rg3 Nd6 22. Rag1 f6 23. Nh5 Ne6 24. h4 Qf8 25. Qh2 Kh8 26. R3g2 Rd8 27. Ng3 Bc6 28. Qh3 Rde8 29. Nh5 Qf7 30. Ng3 Nd8 31. g5 Bd7 32. Qh2 fxg5 33. hxg5 g6 34. Nh5 Qxf3 35. Nf4 Kg8 36. Bd1 Qe4 37. Rf1 Bc6 38. Bc1 Rf8 39. Kg1 Qf5 40. Bg4 Qf7 41. Rf3 Qe8 42. Nxg6 Qxg6 43. Rf6 Qb1 44. Rgf2 Qxc1+ 45. Kg2 Rxf6 46. gxf6 Rxe3 47. Qxd6 Re8 48. Be6+ Kh8 49. f7 Qg5+ 50. Kf1 Qc1+ 51. Kg2 Qg5+ 52. Kf1 Qc1+ 1/2-1/2

[Event "Randers"]
[Site "Randers"]
[Date "1996.??.??"]
[Round "3"]
[White "Rasmussen, Peter"]
[Black "Kjeldsen, Jens"]
[Result "0-1"]
[WhiteElo "2285"]
[BlackElo "2415"]
[PlyCount "74"]
[EventDate "1996.??.??"]
[EventType "tourn"]
[EventRounds "9"]
[EventCountry "DEN"]
[SourceTitle "EXT 1998"]
[Source "ChessBase"]
[SourceDate "1997.11.17"]
[SourceVersion "1"]
[SourceVersionDate "1997.11.17"]
[SourceQuality "1"]

1. d4 Nf6 2. c4 e6 3. Nc3 Bb4 4. Qc2 0-0 5. a3 Bxc3+ 6. Qxc3 b5 7. cxb5 c6 8. bxc6 Nxc6 9. Bg5 Bb7 10. e3 Qb6 11. Bxf6 gxf6 12. b4 Rfc8 13. Qd2 e5 14. Nf3 exd4 15. exd4 Re8+ 16. Kd1 Ne7 17. Rc1 Ng6 18. Bd3 Qe6 19. Rc3 Qg4 20. Kc2 Rac8 21. Re1 Rxc3+ 22. Kxc3 Rc8+ 23. Kb2 Qxg2 24. Ng1 Qxh2 25. Qe3 Nf4 26. Bf1 Kh8 27. Nf3 Qh6 28. Bg2 Kg7 29. Rh1 Qg6 30. Qxf4 Qc2+ 31. Ka1 Qc3+ 32. Kb1 Qb3+ 33. Ka1 Qxa3+ 34. Kb1 Qxb4+ 35. Ka1 Qa3+ 36. Kb1 Be4+ 37. Qxe4 Rb8+ 0-1

[Event "Copenhagen K41"]
[Site "Copenhagen"]
[Date "1995.??.??"]
[Round "3"]
[White "Antonsen, Mikkel"]
[Black "Kjeldsen, Jens"]
[Result "0-1"]
[WhiteElo "2400"]
[BlackElo "2410"]
[PlyCount "72"]
[EventDate "1995.06.??"]
[EventType "tourn"]
[EventRounds "9"]
[EventCountry "DEN"]
[EventCategory "10"]
[SourceTitle "CBM 048"]
[Source "ChessBase"]
[SourceDate "1995.10.01"]
[SourceVersion "1"]
[SourceVersionDate "1995.10.01"]
[SourceQuality "1"]

1. e4 c5 2. c3 Nf6 3. e5 Nd5 4. d4 cxd4 5. Nf3 e6 6. cxd4 b6 7. Nc3 Nxc3 8. bxc3 Qc7 9. Bd2 Bb7 10. Ng5 h6 11. Nxf7 Kxf7 12. Bd3 Nc6 13. Qh5+ Kg8 14. 0-0 Ne7 15. Rae1 Qc8 16. c4 Qe8 17. Qh3 g6 18. d5 Nf5 19. Be4 h5 20. Bg5 Qf7 21. Qb3 Rh7 22. Rd1 Bc5 23. Rd3 Rc8 24. Rfd1 h4 25. Kh1 Re8 26. Bf6 Bxf2 27. Rh3 Bc5 28. Qf3 Bf8 29. Qg4 Bg7 30. dxe6 dxe6 31. Bxb7 Qxb7 32. Qxg6 Qf7 33. Qg5 Kh8 34. g4 hxg3 35. Rxh7+ Kxh7 36. hxg3 Bxf6 0-1

[Event "Budapest FS03 GM"]
[Site "Budapest"]
[Date "1995.??.??"]
[Round "4"]
[White "Csom, Istvan"]
[Black "Kjeldsen, Jens"]
[Result "1/2-1/2"]
[WhiteElo "2455"]
[BlackElo "2410"]
[PlyCount "68"]
[EventDate "1995.03.??"]
[EventType "tourn"]
[EventRounds "14"]
[EventCountry "HUN"]
[EventCategory "8"]
[SourceTitle "CBM 046 Extra"]
[Source "ChessBase"]
[SourceDate "1995.07.01"]
[SourceVersion "1"]
[SourceVersionDate "1995.07.01"]
[SourceQuality "1"]

1. c4 g6 2. Nf3 Bg7 3. d4 Nf6 4. g3 0-0 5. Bg2 d6 6. Nc3 Nbd7 7. 0-0 e5 8. b3 Re8 9. e4 exd4 10. Nxd4 Nc5 11. f3 Bd7 12. Be3 Qc8 13. b4 Ne6 14. Nde2 h5 15. Qd2 Nd8 16. Rac1 a5 17. a3 axb4 18. axb4 Nc6 19. Nd5 Ra3 20. Nef4 Nxd5 21. Nxd5 Be6 22. Bh6 Bh8 23. Kh1 Nd4 24. Bg5 Bxd5 25. cxd5 Qd7 26. Rc4 Nb5 27. Rfc1 Rea8 28. Be3 Qe7 29. h4 Qe5 30. Kh2 Rb3 31. Bf1 Qb2 32. R1c2 Qb1 33. Rc1 Qb2 34. Qc2 Qb1 1/2-1/2

[Event "Copenhagen K41"]
[Site "Copenhagen"]
[Date "1995.??.??"]
[Round "9"]
[White "Kjeldsen, Jens"]
[Black "Akesson, Ralf"]
[Result "1/2-1/2"]
[WhiteElo "2410"]
[BlackElo "2500"]
[PlyCount "21"]
[EventDate "1995.06.??"]
[EventType "tourn"]
[EventRounds "9"]
[EventCountry "DEN"]
[EventCategory "10"]
[SourceTitle "CBM 048"]
[Source "ChessBase"]
[SourceDate "1995.10.01"]
[SourceVersion "1"]
[SourceVersionDate "1995.10.01"]
[SourceQuality "1"]

1. d4 Nf6 2. c4 g6 3. Nc3 d5 4. cxd5 Nxd5 5. g3 Bg7 6. Bg2 Nxc3 7. bxc3 c5 8. e3 Qa5 9. Bd2 0-0 10. Ne2 Nc6 11. 0-0 1/2-1/2